The happiness purpose

Bibliographic Details
Main Author: De Bono, Edward
Format: Book
Published: London : Penguin Group , 1990
Subjects:

MARC

LEADER 00000cam a2200000 7i4500
001 0000002580
005 20050616.0
020 |a 014137866 
040 |a INS 
090 0 0 |a BJ1481.   |b D43 1990 
100 1 |a De Bono, Edward 
245 1 4 |a The happiness purpose   |c Edward De Bono 
260 |a London :   |b Penguin Group ,   |c 1990 
300 |a 268p ;   |c 20cm. 
650 0 0 |a Happiness 
999 |a 0000005689   |b BOOK   |c Open Shelf   |e Default branch 
999 |a 0000023371   |b BOOK   |c Open Shelf   |e Default branch